000 00839cam a22002777a 4500
003 CHAP
005 20220329134727.0
008 971013s1971 r 00010 d
010 _a24918
011 _a25890
035 _a29990
040 _cCHAP
090 _aFolleto 3724
100 0 0 _aBrown, David W.
_915634
245 1 4 _aThe process and potentials of modernizing agriculture
260 _aKnoxville :
_bUniversity of Tennessee,
_c1971
300 _a12 p.
590 _aBATCH-UPD
_b10
_c20130110
_lUCH01
_h2014
590 _aBATCH-UPD
_b10
_c20130410
_lUCH01
_h1332
590 _aBATCH-UPD
_b10
_c20130914
_lUCH01
_h2029
590 _aCONVERSION
_b10
_c20130109
_lUCH01
_h1314
650 1 4 _aAgricultura
_xInnovaciones tecnológicas.
_91565
901 _aBK
942 _cFOLL
949 _aFolleto 3724
_bBC
_cFOLL
_d-69257
_eTS1
_i29990
_si
999 _c24918
_d24918